Countries Bordering Hungary With a Map - Statistics

General Stats
  • This quiz has been taken 264 times
  • The average score is 7 of 7
Answers on the Map
Answers color-coded by a green-red scale on the quiz's map according to % correct below.
 
Answer Stats
Answer % Correct
Slovakia
99%
Austria
98%
Croatia
98%
Serbia
98%
Romania
97%
Slovenia
97%
Ukraine
93%
No matching quizzes found
Score Distribution
Percent of People with Each Score
Percentile by Number Answered
Your Score History
You have not taken this quiz